Costes de la distribución y formación de los precios (Registro nro. 36439)

Detalles MARC
000 -LEADER
fixed length control field 00976 a2200205 4500
001 - CONTROL NUMBER
control field 63961
005 - DATE AND TIME OF LATEST TRANSACTION
control field 20260521160827.0
008 - FIXED-LENGTH DATA ELEMENTS--GENERAL INFORMATION
fixed length control field 260521a1965 arg spa d
003 - CONTROL NUMBER IDENTIFIER
control field AR-UNSa-BCEJYS
040 ## - CATALOGING SOURCE
Original cataloging agency AR-UNSa-BCEJYS
Language of cataloging spa
Transcribing agency AR-UNSa-BCEJYS
080 ## - UNIVERSAL DECIMAL CLASSIFICATION NUMBER
Universal Decimal Classification number 338.5
Common auxiliary subdivision Precios. Formación de precios. Costes
041 ## - LANGUAGE CODE
Language code of text/sound track or separate title spa
100 1# - MAIN ENTRY--PERSONAL NAME
Personal name Triolaire, Guy
245 10 - TITLE STATEMENT
Title Costes de la distribución y formación de los precios
Name of part/section of a work Las condiciones del coste y de la demanda. Fluctuación de los precios y factores del coste
264 #1 - PRODUCTION, PUBLICATION, DISTRIBUTION, MANUFACTURE, AND COPYRIGHT NOTICE
Place of production, publication, distribution, manufacture Barcelona :
Name of producer, publisher, distributor, manufacturer Sagitario
Date of production, publication, distribution, manufacture, or copyright notice 1965
300 ## - PHYSICAL DESCRIPTION
Extent xvi, 229 p.
Dimensions 22 cm.
505 ## - FORMATTED CONTENTS NOTE
Formatted contents note 1. Las condiciones de coste - 2.Las condiciones de demanda – 3. Los métodos de fijación de precios – 4. La valoración del coste de distribución – 5. El sector de distribución y las fluctuaciones de los precios a corto plazo – 6. Los factores del coste de distribución a largo plazo –
590 ## - LOCAL NOTE (RLIN)
Local note niveau_biblio:m niveau_hierar:0
942 ## - ADDED ENTRY ELEMENTS (KOHA)
Koha item type
Existencias
Withdrawn status Lost status Damaged status Not for loan Home library Current library Shelving location Date acquired Total checkouts Full call number Barcode Date last seen Price effective from Koha item type
        Biblioteca Prof. Eusebio Cleto del Rey Biblioteca Prof. Eusebio Cleto del Rey   21/05/2026   338.5 T834 L12333 21/05/2026 21/05/2026 Libro